<?xml version="1.0" encoding="UTF-8"?>
<marc:record xmlns:marc="http://www.loc.gov/MARC21/slim">
   <marc:leader>00000nam a2200000 a 4500</marc:leader>
   <marc:datafield ind1="1" ind2=" " tag="100">
      <marc:subfield code="a">Heine, Matthias</marc:subfield>
      <marc:subfield code="4">aut</marc:subfield>
      <marc:subfield code="e">Verfasser/-in</marc:subfield>
   </marc:datafield>
   <marc:datafield ind1="0" ind2="0" tag="245">
      <marc:subfield code="a">Eingewanderte Wörter</marc:subfield>
   </marc:datafield>
   <marc:datafield ind1="0" ind2="0" tag="245">
      <marc:subfield code="b">von Anorak bis Zombie</marc:subfield>
   </marc:datafield>
   <marc:datafield ind1=" " ind2="1" tag="264">
      <marc:subfield code="b">DuMont Buchverlag</marc:subfield>
      <marc:subfield code="c">2020</marc:subfield>
   </marc:datafield>
   <marc:datafield ind1="1" ind2=" " tag="520">
      <marc:subfield code="a">Quelle: bn.bibliotheksnachrichten (http://www.biblio.at/literatur/bn/index.html);  Autor: Gabriele Doblhammer;  Alltägliche Wörter mit Migrationshintergrund und eine lehrreiche Welt- und Zeitreise zu den Herkunftsorten. (PK) Dass das Deutsche aktuell Wörter aus dem Englischen übernimmt, ist bekannt. Doch dass unsere Sprache sich seit Jahrhunderten bei anderen Sprachen "bedient" und zwar weltweit, erstaunt. Viele werden nicht mehr als fremd wahrgenommen, kommen aber mitunter von weither: "Zucker" ist ursprünglich arabisch. Seit Langem kennt man die Süße in Früchten und Honig, doch das weiße Pulver, das aus Zuckerrohr gewonnen wird, brachten die Araber in den Mittelmeerraum. Überraschend die Herkunft von "rodeln", es kommt aus dem Rätoromanischen; weniger überraschend: "Mafia" kommt aus dem Sizilianischen. "Erz" ist vermutlich vom Etruskischen ins Germanische übergegangen und ein Zeugnis früher internationaler Handelsbeziehungen. Mit einem Augenzwinkern präsentiert der Autor eine Auswahl von zugewanderten und längst integrierten Wörtern, plaudert locker über Kulturgeschichtliches und erweitert den Horizont der LeserInnen. Das unterhaltsame Büchlein ist schön gestaltet, mit Zeichnungen illustriert und eine Fundgrube für alle Sprachinteressierten.</marc:subfield>
   </marc:datafield>
   <marc:datafield ind1=" " ind2=" " tag="020">
      <marc:subfield code="a">9783832199784</marc:subfield>
      <marc:subfield code="9">9783832199784</marc:subfield>
   </marc:datafield>
</marc:record>
